00412nam a2200181Ia 4500008004100000020001800041050001400059100001800073245002000091245001800111260001500129260001600144260000900160300001600169300002700185300001000212500000800222170918s9999 xx 000 0 und d a9780545332101 bS658 2011 aSmith, Roland aStorm runners / cRoland Smith. aNew York : bScholastic, c2011 a143 pages : bcolored illustration ; c19cm. a700